[Event "Danzhou 7th"]
[Site "Danzhou"]
[Date "2016.07.08"]
[Round "1"]
[White "Harikrishna, Pentala"]
[Black "Bu, Xiangzhi"]
[Result "0-1"]
[WhiteElo "2755"]
[BlackElo "2723"]
[Annotator "Sadorra,J"]
[PlyCount "114"]
[EventDate "2016.07.08"]
[EventType "tourn"]
[EventRounds "9"]
[EventCountry "CHN"]
[EventCategory "20"]
[SourceTitle "CBM 174"]
[Source "ChessBase"]
[SourceDate "2016.09.13"]
[SourceVersion "1"]
[SourceVersionDate "2016.09.13"]
[SourceQuality "1"]

{This game occured in the first round and both players are in a fighting mood.
Harikrishna plays his pet-Catalan and boldly enters Bu's favorite Anti-Catalan
system, making this game both instructive and theoretically important.} 1. d4
Nf6 2. c4 e6 3. Nf3 d5 4. g3 dxc4 5. Bg2 Nc6 6. Qa4 Bb4+ 7. Bd2 Nd5 8. Qb5 $5 {
This also is Avrukh's recommendation in his latest opening manual "GM
Repertoire 1.d4 1A."} ({Bu also recently faced the other popular line here:} 8.
Bxb4 Ndxb4 9. O-O Rb8 10. Na3 O-O 11. Qb5 b6 $1 12. Qxc4 Ba6 13. Nb5 Qd5 14.
Qxd5 Nxd5 15. a4 Na5 16. Ne5 (16. Rfe1 c6 $11 {1/2-1/2 (31) Zhou Weiqi (2635)
-Bu Xiangzhi (2719) China CHN 2016}) 16... Rbd8 $11 {0-1 (41) Ghaem Maghami,E 
(2549)-Bu Xiangzhi (2724) Abu Dhabi UAE 2016, where he both successfully
equalized from the opening.}) 8... Bxd2+ 9. Nbxd2 c3 10. bxc3 Nxc3 11. Qb2 ({
Another moves tried here was} 11. Qd3 {which Avrukh recommends this in his book
} Nd5 12. O-O O-O 13. Rfc1 h6 (13... Qe7 14. a3 Rd8 15. Rab1 $44 Nb6 {and here
in 1/2-1/2 (45) Studer,N (2438)-Demuth,A (2550) Bad Ragaz SUI 2016, White
could've played:} (15... f6 16. e3 $44) 16. Rxc6 $1 bxc6 17. Ne5 Bd7 (17... Bb7
18. Bxc6 Rab8 19. Bxb7 Rxb7 20. Nc6) (17... Qf8 18. Nxc6 Re8 19. Ne4 f6 20. Nc5
$14 {with a strong bind}) 18. Bxc6 Rab8 19. Bxd7 Nxd7 20. Nc6 Rxb1+ 21. Qxb1
Qe8 22. Nxd8 Qxd8 23. Qb7 Qb8 24. Qc6 $14) 14. e3 {this is the novelty
recommended by Avrukh in his book} ({previously played was} 14. Rab1 Nde7 15.
Nb3 a5 16. Qc2 Ra7 17. e3 b6 $1 $11 {1/2-1/2 (23) Ponomariov,R (2743)
-Frolyanov,D (2610) Olginka 2011}) 14... Qe7 15. a3 ({Avrukh here recommends} 
15. Rab1 {first but it simply transposes to the mainline}) 15... Rd8 16. Rab1 {
White has a typical position & compensation. This is similar to the game under
move-order 13...Qe7, only h6 & e3 are inserted} (16. Qb3 {only helps Black} Na5
17. Qc2 c6 {1/2-1/2 (81) Donchenko,A (2569)-Sanikidze,T (2537) Drancy FRA 2016}
(17... b6 $5 18. Ne5 Bb7 19. Ndc4 Nxc4 20. Qxc4 Rac8 $1 {...c5 is next} 21. Nc6
Bxc6 22. Qxc6 Qd6 $15)) 16... a6 (16... f6 17. Nh4 $1) (16... Nb6 17. Qb3 $5 (
17. Qc3 Nd5 18. Qb2 $44 {Avrukh}) (17. Rxc6 $5 bxc6 18. Ne5 Qf8 19. Nxc6 Re8
20. Ne4 $44) 17... Bd7 18. Ne1 $1 Be8 19. Nd3 $14) 17. Nc4 Ra7 18. Nce5 $1 Bd7
19. Nxd7 Qxd7 20. Rb2 Nce7 21. Qb1 b6 22. Rbc2 $44) 11... Na4 $1 {[%csl Gb6]
[%cal Gc3a4,Ga4b6] Retreating to a safe square with gain of time.} ({The other
retreat is} 11... Nd5 12. O-O O-O 13. Rac1 $1 {with the queen already putting
pressure on the b-file, it makes more sense to place the Rs on c & d-files}
Nde7 (13... Nb6 14. Rfd1 Bd7 15. Nb3 Ne7 16. Ne5 c6 17. Nc5 $16 {1-0 (27)
Nilsen,J (2362)-Oszczanowski,W (2084) Prague CZE 2015}) 14. Rfd1 Rb8 15. Nc4
Bd7 16. e4 $36 {and Black can only sit and wait for White to keep making
progress, a very unpleasant position to be in.}) 12. Qc2 Nb6 13. e3 $5 $146 {
White want to keep things flexible as far as where he wants to place his
knight.} (13. Nb3 O-O 14. O-O Qe7 15. Rfc1 a5 $6 (15... Rd8 $142 16. e3 Rb8 17.
Nc5 $44) 16. e3 Bd7 17. a3 (17. Nc5 Rfb8 18. Nxd7 Nxd7 19. Ne1 $1 $14 {[%cal
Ge1d3,Gd3c5,Gc1c7]}) 17... Nd5 18. Nc5 Rfb8 19. e4 Nf6 {1-0 (37) Kantor,G 
(2403)-Der Manuelian,H (2163) Porto Carras GRE 2015, here White can easily
increase his edge with} 20. d5 $1 exd5 21. exd5 Nxd5 22. Re1 Qd6 (22... Qd8 23.
Rad1 Nce7 24. Ng5 Bf5 25. Bxd5 Bxc2 26. Bxf7+ Kh8 27. Rxd8+ Rxd8 28. Rxe7 $16)
(22... Be6 23. Nxb7 $16) 23. Ng5 g6 24. Rac1 $40) 13... O-O 14. O-O Qe7 15.
Rac1 $6 ({I believe it's better to use the other R on the c-file due to an
important detail as will be seen later in the game:} 15. Rfc1 Rd8 16. Nb3 (16.
Rab1 $6 e5 $1) 16... Rb8 17. Nc5 Nd5 18. a3 $1 {necessary prophylaxis. Now
Black cannot play} (18. Rab1 b6 $1 19. Nd3 Bb7 20. Nfe5 Nxe5 21. Nxe5 Rbc8 22.
Nc6 Bxc6 23. Qxc6 Qd6 {Black is ok, and it's White who has to be careful to
avoid being worse.} 24. Qa4 c5 $1 $36 25. dxc5 Rxc5 26. Rxc5 (26. Rd1 Qe7) (26.
Qxa7 Nc3) 26... Qxc5 27. Qxa7 Nc3 $15) 18... b6 $2 ({It's best to play useful
waiting moves} 18... h6 19. Rab1 b6 $6 20. Nxe6 Bxe6 21. Qxc6 Qxa3 22. Ra1 Qd6
23. e4 $14) 19. Nxe6 Bxe6 20. Qxc6 $14 {White has regained the pawn and has a
nice bind on the queenside.}) 15... Rd8 16. Nb3 Rb8 17. Nc5 Nd5 18. a3 h6 $1 {
Prophylactic against a later Nf3-g5.} ({Too hasty is} 18... b6 19. Nxe6 Bxe6
20. Qxc6 Qxa3 {just to point out if White played 15.Rfc1, this won't even be
possiblity as the a-pawn is defended by the a1-rook!} 21. Ng5 Qd6 22. Nxe6 fxe6
23. Bh3 Kf7 24. Qb5 $14 {[%csl Ra7,Rc6,Rc7,Re6,Rf7][%cal Gc1c7,Gh3e6,Gb5a6,
Gb5c6] nevertheless, White is still better here thanks to his active pieces
and weaknesses in Black's position.}) 19. Rfe1 {Preparing e4 followed by a d5
pawn break, unfortunately Black intiaties action first!} ({Maybe a better
square is d1 in light of the following forcing line but there isn't much
difference in the ensuing complex positions:} 19. Rfd1 b6 20. Nxe6 Bxe6 21.
Qxc6 Qxa3 22. Ne5 $1 (22. Ra1 $2 Qd6 $1 23. Qxd6 cxd6 24. Rxa7 b5 25. e4 Nc3
$17) 22... Nb4 (22... Qd6 23. Qxd6 Rxd6 24. e4 Nb4 25. d5 $16) 23. Qe4 Rbc8 24.
Ra1 Qc3 (24... Qb3 25. Rdb1 Qc3 26. Rxa7) 25. Rxa7 c5 26. Bf3 $13) 19... b6 $1
20. Nxe6 Bxe6 21. Qxc6 Qxa3 22. Ra1 (22. Ne5 $5 Nb4 23. Qe4 (23. Qxc7 Rdc8)
23... Rbc8 24. Ra1 Qc3 25. Rec1 $1 (25. Red1 c5 $1 (25... a5)) (25. Rxa7 $4
Qxe1+) 25... Qd2 26. Rd1 Qc3 27. Rxa7 c5 28. Bf3 $13) 22... Qd6 {This is the
exact position from line B) starting with 15.Rfc1, only here the white R is on
e1 instead of the more useful c1 which is clearly a gain for Black.} 23. Qxd6
cxd6 $1 {[%csl Ge5][%cal Gd6e5,Gf3e5] Covering the important e5-square} 24.
Rxa7 Nc3 {The forcing moves has ended and by giving back the pawn, Black has
managed to trade off White's most active piece, kept the enemy knight off e5 &
c6, and gained a passed pawn on the queenside. Therefore it's safe to say that
the momentum has shifted and it's White who has to play carefully in the next
phase of the game.} 25. e4 $1 {White has to quickly create counterplay.} (25.
Bf1 $2 b5 26. e4 d5 $1 27. e5 b4 (27... Bf5 $1) 28. Nd2 Bf5 $1 29. Nb3 Bc2 $17)
25... b5 26. d5 $1 (26. Bf1 $2 d5 $1 {see note to move 25.}) 26... Bg4 $1 {
Giving White practical problems.} (26... Bd7 27. Nd4 b4 28. Nc6 Bxc6 29. dxc6
Rbc8 30. e5 dxe5 31. Rb7 $11) 27. Nd4 (27. h3 $2 Bxf3 28. Bxf3 b4 $19) 27... b4
{White to play *******************************} 28. h3 $6 {Alas, White errs.
This only helps Black's cause of promoting his b-pawn.} (28. Nc6 {is better
according to the best analyst in the world (Komodo 10), but it's not easy to
play such a move otb without objectively working out a way to stop a passed
pawn queening! Not to mention the time pressure involved at this stage.} b3 29.
Nxd8 (29. Nxb8 Rxb8 30. f3 b2 31. fxg4 Ne2+ $1 32. Kf1 Nc1 {Black queens!})
29... b2 30. f3 $2 {hoping for a R sac on b1, but--} (30. Nb7 $2 Bd1 $19) (30.
Rb7 $2 Rxb7 31. Nxb7 Bd1 $1 {Black queens!}) ({the only way to stop it is} 30.
Bf1 $3 b1=Q (30... Bd1 31. Bd3 $18) 31. Rxb1 Rxb1 32. Kg2 Nxe4 $11 {and the
game will most likely end in a draw.}) 30... Ne2+ $1 (30... b1=Q 31. Rxb1 Rxb1+
32. Kf2 Rb2+ 33. Ke3 Rxg2 (33... Nd1+ 34. Kd3 Bh5 $14) 34. fxg4 $16) 31. Kf1
Nc1 $19 {Black queens again!}) 28... Bd1 $1 {Harikrishna probably
underestimated the strength of this move.} 29. e5 $2 {"Mistakes don't come
singly" as they say.} (29. Nc6 b3 30. Nxb8 (30. Bf1 b2 31. Bd3) 30... Rxb8 {
and now K10 amazingly shows that White can still hold with:} 31. Bf1 $3 b2 32.
Bd3 Be2 $1 (32... b1=Q $2 33. Bxb1 Rxb1 34. e5 dxe5 35. d6 $16) 33. Bc2 Bf3 $1
{with the idea of ...Bxe4} 34. Ra3 {White is just in time} Bxe4 35. Rxc3 Bxc2
36. Rxc2 b1=Q 37. Rxb1 Rxb1+ $11 {with a theoretically drawn R ending. But of
course it's impossible to see all this during the game.}) 29... b3 30. e6 $5 {
Giving Black a choice - a chance to go wrong} fxe6 {The practical choice,
avoiding too much complications.} ({Most accurate is} 30... b2 {but once again
it requires very accurate analysis} 31. exf7+ Kh8 32. Nc6 Rf8 $3 (32... b1=Q $2
33. Nxd8 {and it's Black who's in trouble!}) 33. Nxb8 b1=Q 34. Nc6 Ne2+ 35. Kh2
g5 {White is still fighting, but Black's material advantage will eventually
tell e.g.} 36. Re7 Qf5 37. Rf1 Nc3 $17) 31. Rxe6 $2 {The last mistake of the
game.} (31. Nxe6 $1 {could've led to a study-like draw:} b2 32. Rxg7+ {I'm
sure Hari saw this possibility, but he probably missed something later down
the line} Kh8 33. Rxd1 Nxd1 34. Be4 b1=Q 35. Rh7+ $1 {maybe this?!? Because
our chess brains easily default to capturing a promoted queen whenever we can.}
(35. Bxb1 Rxb1 $19) 35... Kg8 36. Rg7+ Kh8 37. Rh7+ $11) 31... Bc2 ({But it's
also not yet too late for Black to mess up:} 31... b2 $4 32. Nf5 b1=Q (32...
Kf8 33. Rxg7 {and none of the Black pieces can prevent mate!}) 33. Rxg7+ Kh8 (
33... Kf8 34. Rf6+ Ke8 35. Re7#) 34. Rxh6#) 32. Nxb3 {White is forced to give
up material. The rest of the game sees White giving Black technical problems,
but Bu eventually achieves better coordination for his pieces starts to create
stronger threats, eventually converting his material advantage.} Rxb3 33. Ree7
g5 34. Rac7 (34. Rg7+ Kh8 {doesn't lead anywhere.}) 34... Bf5 (34... Rf8 {
is the safest, with the idea of stabilizing the bishop on f5.}) 35. Rg7+ Kh8
36. Rgf7 Ne2+ 37. Kh2 Nd4 38. g4 Bd3 39. f4 {White is exchanging as many pawns
to reach a drawish situation but the downside is that it weakens his king.}
gxf4 40. Rxf4 Rb2 41. Rcf7 Ne2 42. Rf2 Rdb8 43. R7f6 Nc3 44. Rxh6+ Kg7 45. Rhf6
{It seems like White is making progress trading & picking up pawns, but now
it's Black's turn to call the shots.} Nd1 $1 $19 {Exploiting the precarious
position of the White pieces.} (45... Rxf2 $6 46. Rxf2 Rb5 47. h4 Nxd5 48. Rd2
Nf4 49. Kg3 Rb4 {with Black's pieces tied up and 2 pawns about to roll,
there's still some work to be done.}) 46. Rxb2 (46. Rf7+ Kg8 47. Rxb2 Rxb2 48.
Rf6 Be4 $19) 46... Rxb2 {[%csl Rf6,Rg2,Rh2]} 47. Rxd6 Bf1 {This is already
resignable.} (47... Be4 $19) 48. Kg3 Rxg2+ 49. Kf4 Rf2+ 50. Kg5 Nc3 51. Rg6+
Kf7 52. d6 Ne4+ 53. Kh6 Rd2 54. Rg7+ Kf8 55. g5 Nxd6 56. Kh7 Bxh3 57. g6 Be6 $1
{A nice last move--dominating the enemy rook while creating a mate threat,
forcing White to resign. So far, Bu's pet variation (4...dxc4, 5...Nc6) is a
solid equalizer against the Catalan. And if White is not aware of the nuances,
Black can even achieve good chances to fight for more than equality.} 0-1